000 00942nam a2200301Ia 4500
003 OSt
005 20220930093041.0
006 a|||||r|||| 00| 0
007 ta
008 220926b |||||||| |||| 00| 0 eng d
024 _a28629
037 _cTheses
040 _aCRL
_cCRL
_beng
041 _2eng
_aeng
100 _aPatnaik Pratik Pranta Au.
_9550500
110 _aUniversity of Delhi. Faculty of Social Sciences. Department of Sociology
245 0 _aTelevision and socio-cultural identity
_b an ethnographic study in Orissa
260 _c2015
300 _aii,295p.
_ap.
_ccm.
650 _a ORISSA
_9550501
650 _a SOCIOLOGY
650 _a TELEVISION
650 _aETHNOLOGY
700 _a Deshpande Satish Gu.
_9550502
700 _aUniversity of Delhi. Faculty of Social Sciences. Department of Sociology
942 _cDIS
_2CC
999 _c884715
_d884715